|
|
|
|
| LEADER |
00000cam a2200000 7i4500 |
| 001 |
0000007871 |
| 005 |
20021119093000.0 |
| 008 |
021119n |
| 020 |
|
|
|a 0868618020
|
| 050 |
0 |
0 |
|a HC445.5
|b .F66
|
| 090 |
0 |
0 |
|a HC445.5
|b .F66
|
| 100 |
0 |
|
|a Fong, Chan Onn ,
|e author
|
| 245 |
0 |
0 |
|a New economic dynamo :
|b structures and investment opportunities in the Malaysian economy
|c Fong Chan Onn
|
| 260 |
2 |
|
|a Sydney :
|b Allen & Unwin ,
|c 1986
|
| 300 |
|
|
|a 191 p. ; ;
|c 22 cm.
|
| 500 |
|
|
|a Includes index
|
| 504 |
|
|
|a Bibliography : p. 184
|
| 651 |
|
0 |
|a Industries
|z Malaysia
|
| 651 |
|
0 |
|a Malaysia
|x Economic conditions
|
| 999 |
|
|
|a 1000005288
|b Book
|c OPEN SHELF (30 DAYS)
|e Gong Badak Campus
|